00760nam a22002057a 450000500170000001000150001702000110003203500140004303700090005708200130006610000310007924500830011025000060019326000310019927001020023030000200033294200270035299900190037995201560039820241205110821.0 aENG-142844 c400.00 aEN-126376 bDBAD a998.921 aKakatkar, Rajashree974710 aPolarising:bJourney to Poles An Enchanting Experience/cby Rajashree Kakatkar a1 aPunebAnant Kakatkarc2016 bPuneaPlot No. 4, Bhagavan Smruti CHS, Bibwewadi e411037k98220602788mananatkakakar@hotmail.com a109p.c22cm(pb) 2ddccENmKAKh998.9e1 c207416d207416 001040708NFICaZLSbZLSd2024-12-05eDelivery of Books Act Divisiong400.00l0oKAK 998.9pEN-126376r2024-12-05 00:00:00t1v400.00w2024-12-05yEN